01145cam a22003137a 4500003000500000005001700005008004100022010000900063011000900072035000900081040000900090090001800099100003700117245007100154260007500225300001000300500008600310590004100396590004100437590004200478650002200520650004100542650003200583901000700615942000900622949005000631999001500681952013500696CHAP20220817041015.0971013s1990 mx r 00010 spa d a4472 a5444 a4651 cCHAP aFolleto 1369900aEscamilla Prado, Esteban.93744910aBanco de frutales de climas semicálidos en el centro de Veracruz aChapingo, Méx. :bUACH. Centro Regional Universitario Oriente,c1990 a12 h. aPonencia en: Congreso Nacional de Fitogética (13: 1990: Ciudad Juárez, Chih.) aBATCH-UPDb10c20130109lUCH01h2346 aBATCH-UPDb10c20130110lUCH01h1853 aCONVERSIONb10c20130109lUCH01h130414aArboles frutales.14aArboles frutalesxGermoplasma.9668014aFrutaxMejoramiento.943631 aBK cFOLL aFolleto 13699bBCcFOLLd-14198eTS1i4651si c4472d4472 00102local4051708FOLLaBCbBCcPA_FOLLETOSd2012-12-17fFOLLl0oFolleto 13699p-14198r2019-12-31 00:00:00w2012-12-17yFOLL